Opatrenia na trhu práce v kontexte hospodárskej krízy v SR
Do centra pozornosti ekonomickej teórie i hospodárskej praxe sa dostáva aktívna podpora udržania pracovnej sily na trhu práce a tvorba nových pracovných miest. Jedným z možných riešení je podpora flexibility pracovných síl, ktorá sa prejaví v spružnení pracovných trhov a zvýšení mobility pracovných...
Gespeichert in:
| 1. Verfasser: | |
|---|---|
| Format: | Buchkapitel |
| Sprache: | Slowakisch |
| Schlagworte: | |
| Tags: |
Keine Tags, Fügen Sie das erste Tag hinzu!
|
MARC
| LEADER | 00000nla$a2200000$$$4500 | ||
|---|---|---|---|
| 001 | 0110546 | ||
| 005 | 20240502072224.8 | ||
| 041 | 0 | |a slo | |
| 044 | |a SK | ||
| 245 | 1 | 0 | |a Opatrenia na trhu práce v kontexte hospodárskej krízy v SR |c Zuzana Brinčíková |
| 520 | |a Do centra pozornosti ekonomickej teórie i hospodárskej praxe sa dostáva aktívna podpora udržania pracovnej sily na trhu práce a tvorba nových pracovných miest. Jedným z možných riešení je podpora flexibility pracovných síl, ktorá sa prejaví v spružnení pracovných trhov a zvýšení mobility pracovných síl. Slovensko a flexibilita. Dlhodobá nezamestnanosť a mobilita pracovnej sily. Geografická mobilita pracovných síl. Štátna podpora bývania v SR. | ||
| 610 | 2 | 0 | |a kríza hospodárska |
| 610 | 2 | 0 | |a nezamestnanosť dlhodobá |
| 610 | 2 | 0 | |a pohyb síl pracovných |
| 610 | 2 | 0 | |a flexibilita |
| 610 | 2 | 0 | |a bývanie |
| 610 | 2 | 0 | |a podpora štátna |
| 610 | 2 | 0 | |a Slovensko |
| 100 | 1 | |a Brinčíková, Zuzana, 1979- | |